000 00404nam a2200157Ia 4500
003 GCL
008 140319s9999 xx 000 0 ara d
040 _aGCL /
_cGCL
082 0 4 _a418
_bح م
100 1 _aحلمى خليل
245 1 0 _aمقدمة لدراسة اللغة /
_cحلمى خليل
300 _a3056 ص
490 _aكتاب
_v0
650 0 4 _aاللغة العربية
942 _2ddc
_cBK
999 _c41966
_d41966